LEADER 00821nam a2200193 i 4500 001 000000252488 003 CaOOAMICUS 005 20170223000000.0 008 170223s1820 it u000 u ita u 013 $a231393 026 $aonio s-da oin- enun (3) 1820 (A) 040 $aSeMil$bita 245 10$aTomo 1. 300 $aXXVIII, 251, [1] p., [22] c. di tav. :$bill. 773 0 $aEngel, Johann Jakob <1741-1802>$tLettere intorno alla mimica di G. G. Engel. Versione dal tedesco di G. Rasori. Aggiuntovi i capitoli sei sull'arte rappresentativa di L. Riccoboni. Tomo 1.-[2.].$dMilano : Batelli e Fanfani, 1820.$g1$w()6944 850 $aSeMil 852 $aSeMil$W1$xVenegono$y1$m3Q III 4 FA$j202834$B202834$CSeMilBibl$Z2$F216208 $8I 961 $aRecupero: Mantegazza 996 $6245$aTomo 1$9(OLS)http://semarc/title/46685 LEADER 01454nam a2200325 i 4500 001 000000220298 003 CaOOAMICUS 005 20130508000000.0 008 130508s1991 it u000 u ita u 013 $a199195 020 $a88-420-4685-X 040 $aSeMil$bita 100 1 $aHomer, Sidney.$0(OLS)http://semarc/name/77225 240 12$aA history of interest rates.$0(OLS)http://semarc/title/315966 245 10$aStoria dei tassi di interesse /$cSidney Homer, Richard Sylla ; presentazione di Pierluigi Ciocca. 260 $aRoma ; Bari :$bLaterza,$c1991. 260 $aMilano :$bCARIPLO,$c1991. 300 $aXIX, 926 p. ;$c25 cm. 490 0 $aStudi di storia monetaria e finanziaria moderna ;$v10 650 4$aInteressi - Tassi - Storia.$0(OLS)http://semarc/subject/40584 700 1 $aCiocca, Pierluigi.$0(OLS)http://semarc/name/6117 700 1 $aSylla, Richard.$0(OLS)http://semarc/name/77226 830 0$aStudi di storia monetaria e finanziaria moderna ;$v10.$0(OLS)http://semarc/title/17082 850 $aSeMil 852 $aSeMil$W1$xVenegono$y1$m3M V 219$j170654$B170654$CSeMilBibl$Z2$F182104 $81 961 $aOmaggio: Altro 996 $6020$a88-420-4685-X$9(OLS)http://semarc/number/218764 996 $6245$aStoria dei tassi di interesse$9(OLS)http://semarc/title/315965 996 $6260$aMilano :$bCARIPLO$9(OLS)http://semarc/publisher/29807 996 $6260$aRoma ; Bari :$bLaterza$9(OLS)http://semarc/publisher/30305